| 000 | 00371nam a2200145Ia 4500 | ||
|---|---|---|---|
| 008 | 230917s9999||||xx |||||||||||||| ||und|| | ||
| 040 |
_e71272 _aMAIN |
||
| 041 | _aEnglish | ||
| 082 | _a943 H383R | ||
| 100 | _aHenderson, W O | ||
| 245 | 4 | _aThe rise of German industrial power 1834-1914 | |
| 260 |
_aLondon _bTemple Smith _c1975 |
||
| 300 | _aiii, 264 p. | ||
| 942 | _cBK | ||
| 999 |
_c207125 _d207125 |
||